Entre ravage et ravissement : le temps du CER (2000-2004) (notice n° 1629768)
[ vue normale ]
| 000 -LEADER | |
|---|---|
| fixed length control field | 01040cam a2200157 4500500 |
| 005 - DATE AND TIME OF LATEST TRANSACTION | |
| control field | 20260111102011.0 |
| 041 ## - LANGUAGE CODE | |
| Language code of text/sound track or separate title | fre |
| 042 ## - AUTHENTICATION CODE | |
| Authentication code | dc |
| 100 10 - MAIN ENTRY--PERSONAL NAME | |
| Personal name | Delbreuve, Philippe |
| Relator term | author |
| 245 00 - TITLE STATEMENT | |
| Title | Entre ravage et ravissement : le temps du CER (2000-2004) |
| 260 ## - PUBLICATION, DISTRIBUTION, ETC. | |
| Date of publication, distribution, etc. | 2005.<br/> |
| 500 ## - GENERAL NOTE | |
| General note | 81 |
| 520 ## - SUMMARY, ETC. | |
| Summary, etc. | Résumé L’auteur parle de la création des cer qui répondaient à une logique et une commande politiques fortement teintées par la crainte et l’insécurité d’adolescents, délinquants multirécidivistes souvent issus des quartiers sensibles. Il s’intéresse à l’encadrement éducatif renforcé qui vise la mise en place de programmes d’activités intensifs, faisant rupture avec l’oisiveté de ces mineurs en grande difficulté, très ancrés dans la délinquance et les actes multirécidivistes, et aux nouvelles pistes de travail pour le cer. |
| 786 0# - DATA SOURCE ENTRY | |
| Note | Empan | 59 | 3 | 2005-09-01 | p. 17-29 | 1152-3336 |
| 856 41 - ELECTRONIC LOCATION AND ACCESS | |
| Uniform Resource Identifier | <a href="https://shs.cairn.info/revue-empan-2005-3-page-17?lang=fr&redirect-ssocas=7080">https://shs.cairn.info/revue-empan-2005-3-page-17?lang=fr&redirect-ssocas=7080</a> |
Pas d'exemplaire disponible.




Réseaux sociaux